Marques célèbres inversées - Statistiques

Statistiques générales
  • Ce quiz a été pris 92 fois
  • Le résultat moyen est 9 sur 25
Statistiques - réponses
Nom Réponse % Correct
Pizza Queen Burger King
78%
Le Taureau qui pleure La Vache qui rit
75%
Le Chien Le Chat
70%
The South Coast The North Face
65%
Mauvais Papa Bonne Maman
64%
Essence Diesel
58%
Mme Sale Monsieur Propre
58%
Jaguar Puma
58%
Moon Sun
53%
Foie de Tigre Cœur de Lion
43%
Colline noire Mont blanc
43%
Telles des Filles Comme des garçons
41%
Le Grand Parisien Le Petit Marseillais
40%
La Poule Paresseuse Le Coq Sportif
37%
Eleven Down Seven Up
36%
Grand Avion Petit Navire
20%
Terre Portugal Air France
13%
Acheté Loué
13%
Ecrit C Oral B
12%
Les 5 Chèvres Les 2 Vaches
11%
Citadin Occitanien Paysan Breton
7%
Perdant Champion
6%
Mélangea Mixa
5%
Méga V Super U
4%
Philippe Pierre Yves Rocher
1%
Aucun quiz correspondant
Distribution des résultats
% des personnes avec chaque résultat
Percentile par nombre de réponses
Votre historique - résultats
Vous n’avez pas pris ce quiz